Missing Word: Jazz Songs 'C' Quiz Stats

 Plays Quiz Updated Feb 7, 2018

Challenge
Share
Tweet
Embed
Score 0/14 Timer 03:00
1 Play Today
Song Missing Word % Correct
You're Driving Me _____Crazy
97.6%
_____ Fly With MeCome
97.3%
_____ Help Lovin' Dat ManCan't
97.3%
Cheek to _____Cheek
97.1%
_____ Me A RiverCry
96.8%
_____ Me IrresponsibleCall
96.8%
Three _____ in the FountainCoins
87.6%
Song Missing Word % Correct
Taking a _____ on LoveChance
87%
Ten _____ a DanceCents
83.9%
Dancing on the _____Ceiling
66.2%
Orange _____ SkyColored
50.2%
_____ PartnersChange
25.9%
I _____ the WaterfrontCover
22.7%
_____ BridgeChelsea
8.7%

Today's Daily Dose

Missing Word
Britpop Albums

Word Ladder
Sing It!

On This Day
December 14th II

You're not logged in!

Compare scores with friends on all Sporcle quizzes.
OR
Log In

You Might Also Like...

Show Comments

Extras

Top Quizzes Today


Score Distribution

Your Account Isn't Verified!

In order to create a playlist on Sporcle, you need to verify the email address you used during registration. Go to your Sporcle Settings to finish the process.

Report this User

Report this user for behavior that violates our Community Guidelines.

Details: